| 000 | 00359nam a22001217a 4500 | ||
|---|---|---|---|
| 082 | _a220 PRO | ||
| 100 |
_aKASHIF,JUNAID,SALMAN _972259 |
||
| 245 | _aPR-SOF-1164-MANUFACTURE AND ANALYSIS OF COMPRESSED STABILIZED EARTH BLOCK | ||
| 260 |
_aISLAMABAD _bNUST COLLEGE OF EME _c2012 |
||
| 650 |
_a DE-MECH-30 _972260 |
||
| 700 |
_aAHMED SOHAIL _919076 |
||
| 942 | _cCR | ||
| 999 |
_c578371 _d578371 |
||